000 00221 a2200109 4500
020 _a978-1-338-09918-8
041 _aspa
100 _aandrede,giles
245 _alas jirafas no pueden bailar
942 _cBK
952 _71
999 _c18124
_d18124